| 000 | 00000nam 2200000zi 4500 |
| 001 | 9.919592 |
| 003 | CaOODSP |
| 005 | 20230328152021 |
| 006 | m o d f |
| 007 | cr mn||||||||| |
| 008 | 230130t20232023onca ob f000 0 eng d |
| 020 | |a9780660473352 |
| 040 | |aCaOODSP|beng|erda|cCaOODSP |
| 043 | |an-cn--- |
| 086 | 1 |aD2-466/2023E-PDF |
| 245 | 00|aQuantum 2030 : |bthe Department of National Defence and Canadian Armed Forces quantum science & technology strategy implementation plan. |
| 246 | 17|aQuantum 2030 : |bthe DND/CAF quantum science & technology strategy implementation plan |
| 246 | 3 |aQuantum 2030 : |bquantum science and technology strategy implementation plan |
| 264 | 1|a[Ottawa] : |bNational Defence = Défense nationale, |c[2023] |
| 264 | 4|c©2023 |
| 300 | |a1 online resource (19 pages) : |bcolour illustrations |
| 336 | |atext|btxt|2rdacontent |
| 337 | |acomputer|bc|2rdamedia |
| 338 | |aonline resource|bcr|2rdacarrier |
| 500 | |aIssued also in French under title: Quantum 2030 : plan de mise en Ĺ“uvre de la stratégie des sciences et technologies quantiques du Ministère de la défense nationale et Forces armées canadiennes. |
| 500 | |aCover title. |
| 500 | |a"DGM No.: DGM-281122-775." |
| 504 | |aIncludes bibliographical references. |
| 520 | |a"The Department of National Defence and Canadian Armed Forces (DND/CAF) Quantum Science and Technology Strategy Implementation Plan, known as Quantum 2030, is a roadmap to ensuring DND/CAF is better prepared for the disruptive potential of quantum technologies for defence and security over the next seven years. The seven-year plan is divided into three phases including recruiting and training personnel, scientific development, and field testing and demonstrations. Quantum 2030 builds on the DND/CAF Quantum Science and Technology Strategy, which was published in January 2021, and aligns with the Government of Canada's National Quantum Strategy, released in January 2023"--Provided by publisher. |
| 610 | 10|aCanada. |bDepartment of National Defence|xPlanning. |
| 610 | 10|aCanada. |bCanadian Armed Forces|xPlanning. |
| 650 | 6|aQuantum technology|zCanada. |
| 710 | 1 |aCanada. |bDepartment of National Defence, |eissuing body. |
| 775 | 08|tQuantum 2030 : |w(CaOODSP)9.919593 |
| 856 | 40|qPDF|s2.41 MB|uhttps://publications.gc.ca/collections/collection_2023/mdn-dnd/D2-466-2023-eng.pdf |
| 856 | 4 |qHTML|sN/A|uhttps://www.canada.ca/en/department-national-defence/corporate/reports-publications/overview-quantum-2030/quantum-s-t-strategy-implementation-plan.html |
| 986 | |aDGM-281122-775 |